Warwickshire A-Z - Statistics

General Stats
  • This quiz has been taken 58 times
    48 since last reset
  • The average score is 14 of 26
Answer Stats
Hint Answer % Correct
B England's second city Birmingham
100%
C City heavily bombed during WWII Coventry
100%
S Bard from Stratford-upon-Avon William Shakespeare
98%
L "Royal" Victorian resort town Leamington Spa
95%
R Town where a sport of the same name was invented Rugby
95%
J Car company headquartered in C Jaguar
88%
N Town near the Leicestershire border Nuneaton
84%
K Partially ruined castle in the centre of the county Kenilworth Castle
79%
G Noblewoman who rode naked through C Lady Godiva
79%
X John Hall-Edwards was the first to put this technology into practice in 1896 X-ray
72%
T Play by S featuring Prospero The Tempest
67%
Y The Specials, from C, recorded this Number 1 single Too Much Too {Young}
63%
F Roman road connecting Exeter and Lincoln that crosses the county Fosse Way
58%
E Middlemarch author from N George Eliot
51%
A Ancient forest that once covered the west of the county Forest of Arden
47%
U Word similar to canine that describes the animal featured on the county's flag Ursine
47%
Z Labour MP for C South {Zarah} Sultana
42%
W Jet engine inventor from C Frank Whittle
35%
M Rural area separating B and C Meriden Gap
26%
V C began the concept of "twinned cities", twinning with this war-torn city in 1944* Volgograd
23%
P Northern village where leading cultural figures mixed in Elizabethan times Polesworth
21%
H Theatre opened in B in 1899 Hippodrome
19%
Q Village known for a witchcraft-linked murder in 1945 Quinton
19%
D Reclusive musician from Tanworth; Northern Sky Nick Drake
16%
I Cotswolds village in the southwest Ilmington
12%
O Murdered Elizabethan poet from I Thomas Overbury
5%
No matching quizzes found
Score Distribution
Percent of People with Each Score
Percentile by Number Answered
Your Score History
You have not taken this quiz since the last reset